000 01306nam a22003017a 4500
999 _c63535
_d63535
005 20240530110646.0
008 171114s2015 jo a g b 000 0 ara d
017 _a2015/9/4671
_bالمملكة الاردنية الهاشمية . دائرة المكتبة الوطنية
020 _a9789957177027
040 _aEG-CaGPL
_cEG-CaGPL
082 0 4 _221
_a302.24\
_bم إ
100 0 _aمحمد قيراط
245 1 2 _aالاعلام و الازمات فن التلاعب و التضليل و الدعاية :
_bبحوث اعلامية محكمة /
_cتحرير محمد قيراط ، نورالدين الميلادى .
250 _aط.1
260 _aعمان :
_bمكتبة الفلاح للنشر و التوزيع ،
_c2015
300 _a575 ص. ؛
_c24 سم.
504 _aيشتمل على ارجاعات ببليوجرافية
650 0 7 _2qrmak
_aالتضليل الاعلامى
650 0 7 _2qrmak
_aالارهاب
650 0 7 _2qrmak
_aادارة الازمات
_xدور الاعلام
650 0 7 _2qrmak
_aادارة الازمات
650 0 7 _2qrmak
_aحرب الخليج
650 0 7 _2qrmak
_aالاعلام
651 _2qrmak
700 0 _aنورالدين الميلادى
_eمحرر مشارك
942 _2ddc
_cBK